Ingresos brutos. Provincia de Buenos Aires. La alícuota aplicable al caso especial de la construcción (Registro nro. 20086)

Detalles MARC
000 -LEADER
fixed length control field 00417 a2200121 4500
001 - CONTROL NUMBER
control field ART_42491
005 - DATE AND TIME OF LATEST TRANSACTION
control field 20260410161756.0
008 - FIXED-LENGTH DATA ELEMENTS--GENERAL INFORMATION
fixed length control field 260409a
100 1# - MAIN ENTRY--PERSONAL NAME
Personal name Radiminski, Carlos L.
245 10 - TITLE STATEMENT
Title Ingresos brutos. Provincia de Buenos Aires. La alícuota aplicable al caso especial de la construcción
700 1# - ADDED ENTRY--PERSONAL NAME
Personal name Kaplan, Hugo E.
773 0# - HOST ITEM ENTRY
Title Doctrina tributaria
Related parts - Nº 361 (abr. 2010)
Record control number REV4296

No hay ítems disponibles.